| 000 | 01414nam a22002297a 4500 | ||
|---|---|---|---|
| 999 |
_c56853 _d56853 |
||
| 003 | Ge_BSU | ||
| 005 | 20241018133326.0 | ||
| 008 | 190516b1982 ge ||||| |||| 00| 0 geo d | ||
| 041 | _ageo | ||
| 080 | _a611.018(075.8) მ-27 | ||
| 100 | _4მანუილოვა, ნ | ||
| 245 |
_aჰისტოლოგია ემბრიოლოგიის საფუძვლებით : _bსახელმძღვ. პედ. ინ-ტების ბიოლოგიის ფაკ-ტის სტუდენტებისათვის / _cნ. მანუილოვა ; მთარგმნ : ი. მეფისაშვილი ; ნ. სულხანიშვილი . |
||
| 250 | _aთარგმნილია შესწორ. და შევს. მე-5 რუს. გამოც. | ||
| 264 |
_aთბილისი : _bგანათლება, _c1982. |
||
| 300 |
_a322 გვ .: _bილ. _c22 სმ. |
||
| 653 | _aჰისტოლოგია | ||
| 653 | _aმედიცინა | ||
| 700 |
_aმეფისაშვილი, ნ _eმთარგმნელი _91274 |
||
| 700 |
_aსულხანიშვილი, ნ _eმთარგმნელი _91275 |
||
| 856 |
_uhttps://dspace.nplg.gov.ge/bitstream/1234/468569/1/Histologia_Embriologiis_Safudzvlebit_1982.pdf _yელექტრონული ვერსია |
||
| 942 |
_2udc _cBK |
||